[Event "Oberfranken-ch U18 0809"]
[Site "Schney"]
[Date "2009.01.02"]
[Round "1"]
[White "Roch, Johann"]
[Black "Straetker, Sebastian"]
[Result "1/2-1/2"]
[WhiteElo "1004"]
[BlackElo "1402"]
[PlyCount "63"]
[EventDate "2009.01.02"]
[EventType "tourn"]
[EventRounds "7"]
[EventCountry "GER"]
[SourceTitle "EXT 2012"]
[Source "ChessBase"]
[SourceDate "2011.11.24"]
[SourceVersion "1"]
[SourceVersionDate "2011.11.24"]
[SourceQuality "1"]

1. d4 d5 2. Bf4 Nf6 3. e3 e6 4. Nf3 c5 5. c4 Nc6 6. Ne5 Qb6 7. b3 cxd4 8. Nxc6 bxc6 9. Qxd4 Qxd4 10. exd4 Ne4 11. Bd3 Bb4+ 12. Bd2 Nxd2 13. Nxd2 Bc3 14. Rd1 Bxd4 15. 0-0 0-0 16. Nf3 Bf6 17. Rfe1 Bb7 18. c5 a5 19. Ne5 Rfd8 20. f4 Be7 21. Rc1 d4 22. Be4 Rac8 23. a3 Bf6 24. Red1 Bxe5 25. fxe5 Rd7 26. b4 axb4 27. axb4 Ba6 28. Bd3 Bxd3 29. Rxd3 Rd5 30. Rc4 Rcd8 31. Kf2 f5 32. h3 1/2-1/2